000 00357nam a22001337a 4500
082 _a958
_bSTE
_cD
100 _aSten, M. Aurel
_949955
245 _aRuins of desert cathay
_cM.Aurel Sten
260 _aLondon :
_bMacmillan & Co Ltd,
_c1912.
300 _axxi, 517 p. :
526 _a0
_b0
_c0
_d958_000000000000000_STE
650 _aMCE
_9379
942 _2ddc
_cBK
999 _c552699
_d552699